000 00495nam a2200181Ia 4500
999 _c36294
_d36294
003 OSt
005 20210105141936.0
008 190216s9999||||xx |||||||||||||| ||und||
020 _a8171301991
040 _coclc
082 _a300
_bVEL/K
100 _aVelloor, P M Mathew
_98010
245 0 _aKudumba Jeevitham /
_cP M Mathew Velloor
260 _bDc Books ,
_aKottayam:
_c1998.
300 _a286p
650 _aMalayalam
942 _cREF
_2ddc
_h300
_iVEL/K
_k300
_mVEL/K